LEADER 01066nam a2200265 i 4500 001 000000212013 003 CaOOAMICUS 005 20120323000000.0 008 120323s1967 it u000 u ita u 013 $a190842 040 $aSeMil$bita 245 10$a2. 260 $aMilano :$bIl Saggiatore,$c1967. 300 $aP. 630-1216 ;$c21 cm. 490 0 $aLa cultura. Biblioteca storica dell'antichità ;$v2 650 4$aAtene.$0(OLS)http://semarc/subject/7932 650 4$aGrecia antica - Storia.$0(OLS)http://semarc/subject/114 773 0 $tStoria antica.$dMilano : Il Saggiatore, 1967.$g11$w()26476 773 0 $tPace imperiale romana.$dMilano : Il Saggiatore, 1967.$w()26477 830 3$aLa cultura. Biblioteca storica dell'antichità ;$v2.$0(OLS)http://semarc/title/7272 850 $aSeMil 852 $aSeMil$W1$xVenegono$y1$m3S III 242$j162452$B162452$CSeMilBibl$Z2$F173705 $81 961 $aOmaggio: Agenzia internazionale 996 $6245$a2$9(OLS)http://semarc/title/46889 996 $6260$aMilano :$bIl Saggiatore$9(OLS)http://semarc/publisher/30255 LEADER 01049nam a2200277 i 4500 001 000000119742 003 CaOOAMICUS 005 20031104000000.0 008 031104s1993 it u000 u ita u 013 $a92436 020 $a88-10-80756-1 040 $aSeMil$bita 100 1 $aLercaro, Giacomo,$c.$0(OLS)http://semarc/name/4774 245 10$aTempo di Quaresima. 300 $a207 p. 490 0 $aMeditazioni 500 $aFondo Card. C.M. Martini. 700 1 $aDanieli, Maria Ignazia.$0(OLS)http://semarc/name/5055 773 0 $aLercaro, Giacomo $tOmelie domestiche.$dBologna : EDB, copyr. 1992.$g2$w()10383 830 0$aMeditazioni.$0(OLS)http://semarc/title/6156 850 $aSeMil 852 $aSeMil$W1$xVenegono$y1$m3F II 168$j74949$B74949$CSeMilBibl$Z2$F93271 $81 941 1 $a4 961 $aOmaggio: Martini Card. Carlo Maria 996 $6020$a88-10-80756-1$9(OLS)http://semarc/number/104733 996 $6245$aTempo di Quaresima$9(OLS)http://semarc/title/176059